MARC
LEADER
00000nam0a2200000 4500
001
354227
005
20231102010654.0
035
|a (RuTPU)RU\TPU\retro\11485
090
|a 354227
100
|a 20200617d1973 km y0rusy50 ca
101
0
|a rus
102
|a RU
105
|a y z 100zy
200
1
|a Планктон и органический мир Пелагиали в истории Земли
|e тезисы докладов XIX сессии Всесоюзного палеонтологического общества, 26 февраля- 2 марта
|f Всесоюзный научно-исследовательский геологический институт ; Всесоюзное палеонтологическое общество
210
|a Ленинград
|c Изд-во ВСЕГЕИ
|d 1973
215
|a 72 с.
606
1
|a Планктон ископаемый
|2 stltpush
|3 (RuTPU)RU\TPU\subj\49025
|9 67836
610
1
|a органический мир
610
1
|a пелагические осадки
610
1
|a протерозой
610
1
|a фораминиферы
610
1
|a строение
610
1
|a радиолярии
610
1
|a головоногие моллюски
610
1
|a сессии
675
|a 56.07(063)
|v 4
712
0
2
|a Всесоюзный научно-исследовательский геологический институт
|c (Ленинград)
|c (1939-1992)
|2 stltpush
|3 (RuTPU)RU\TPU\col\11367
|9 25071
712
0
2
|a Всесоюзное палеонтологическое общество
|c (Ленинград)
|c (1949-1973)
|2 stltpush
|3 (RuTPU)RU\TPU\col\18815
|9 27213
712
0
2
|a Планктон и органический мир Пелагиали в истории Земли
|c сессия
|d 19
|e Москва
|f 1973
|4 570
801
1
|a RU
|b 63413507
|c 20200617
801
2
|a RU
|b 63413507
|c 20210120
|g RCR
942
|c BK